000 01196nam a2200337 c 4500
003 BLK
005 20230619164339.0
008 180408b bul|||||r ||||||| ||bul||
010 _aKNG00085475000
020 _a978-954-9862-08-9
_bиздат.: Глобал
040 _aBLK
041 _aBUL
_cBUL
080 _aБиологични науки
_b57
_x(035)
_z57(035)
700 1 _aВрацова, Катя
_eпрев.
_949399
139 _aАтлас по биология
_bА 93
245 1 0 _aАтлас по биология
_cпрев. Катя Врацова.
257 _aSPA
260 София
_bГлобал
_c2007
_fОтпеч. в Испания
300 _a96 с.
_bс цв. ил.
_c27 см
380 _a5
500 _aОриг. загл. Atlas basico de biologia. - Съдържа Тематичен азбучен показалец.
650 4 _aБиология - справочници
_9282057
653 _aбиология
653 _aсправочници
852 _aЦб ІІ 15311
856 4 _qpdf
_u
856 4 _qpdf
_u
942 _cKNG
_n0
_03
944 _aCR
_c09.09.2008
_kЦветанка_Енчева
944 _aED
_c24.09.2008
_k
999 _c80980
_d80980